[Event "Titled Tuesday intern op 04th Mar Early"]
[Site "Chess.com INT"]
[Date "2025.03.04"]
[Round "3"]
[White "Robledo, Cristian"]
[Black "Sitbon, Itay"]
[Result "0-1"]
[WhiteElo "2236"]
[BlackElo "2195"]
[PlyCount "106"]
[EventDate "2025.03.04"]
[EventType "swiss (blitz)"]
[EventRounds "11"]
[EventCountry "USA"]
[SourceTitle "CB11_2025"]
[SourceDate "2025.03.12"]
[SourceVersion "1"]
[SourceVersionDate "2025.03.12"]
[SourceQuality "1"]

1. d4 d5 2. c4 dxc4 3. Nc3 Nf6 4. Nf3 c6 5. e4 b5 6. e5 Nd5 7. Be2 Bg4 8. 0-0 e6 9. Ng5 Bxe2 10. Qxe2 Nxc3 11. bxc3 Be7 12. Ne4 0-0 13. f4 Nd7 14. f5 exf5 15. Rxf5 f6 16. Qg4 Kh8 17. Rh5 Qe8 18. Bf4 fxe5 19. Bxe5 Nxe5 20. dxe5 Rf4 21. Rxh7+ Kxh7 22. Qxf4 Qg6 23. Qe3 Rd8 24. Nf2 Bg5 25. Qe4 Qxe4 26. Nxe4 Be3+ 27. Kf1 Re8 28. Ke2 Bb6 29. Rd1 Rxe5 30. Kf3 Rf5+ 31. Kg4 Rf8 32. Ng5+ Kg8 33. Rd7 Rd8 34. Re7 Bc5 35. Rc7 Bf8 36. Ne6 Re8 37. Kf5 a5 38. Rxc6 b4 39. Rxc4 bxc3 40. Rxc3 Rb8 41. Rc6 Rb5+ 42. Kg6 Re5 43. g4 Re2 44. h4 Rxa2 45. Rc8 Rf2 46. Ra8 Rf6+ 47. Kg5 Rxe6 48. Rxa5 Kh7 49. Kf4 Bd6+ 50. Kf5 Rf6+ 51. Ke4 Rf4+ 52. Kd5 Be7 53. g5 Rf5+ 0-1

[Event "Titled Tuesday intern op 17th Sep Early"]
[Site "Chess,com INT"]
[Date "2024.09.17"]
[Round "1"]
[White "Punin, Andrii"]
[Black "Robledo, Cristian"]
[Result "1-0"]
[WhiteElo "2289"]
[BlackElo "2206"]
[PlyCount "111"]
[EventDate "2024.09.17"]
[EventType "swiss (blitz)"]
[EventRounds "11"]
[EventCountry "USA"]
[SourceTitle "EXT 2025"]
[Source "ChessBase"]
[SourceDate "2024.10.14"]
[SourceVersion "1"]
[SourceVersionDate "2024.10.14"]
[SourceQuality "1"]

1. e4 c5 2. Be2 e6 3. f4 a6 4. Nf3 b6 5. 0-0 Bb7 6. d3 Nf6 7. Kh1 d6 8. Be3 Nbd7 9. Bg1 Be7 10. Nbd2 0-0 11. Ng5 h6 12. Nh3 Qc7 13. Bf3 b5 14. Qe1 a5 15. a4 bxa4 16. Rxa4 Bc6 17. Ra1 Rfb8 18. b3 a4 19. g4 axb3 20. Rxa8 Rxa8 21. Nxb3 Ra2 22. g5 hxg5 23. fxg5 Nh7 24. g6 fxg6 25. Bg4 Nhf8 26. Nf4 Nf6 27. Bxe6+ Nxe6 28. Nxe6 Qb7 29. Bxc5 dxc5 30. Nbxc5 Bxc5 31. Nxc5 Qe7 32. Qc3 Ra8 33. Kg1 Kh7 34. Rf3 Nh5 35. Rf1 Rf8 36. Rxf8 Qxf8 37. Ne6 Qe7 38. Qxc6 Qh4 39. Kf1 Qxh2 40. Ke1 Qg1+ 41. Kd2 Ng3 42. Ng5+ Kh6 43. Nf7+ Kh7 44. Kc3 Qe1+ 45. Kc4 Ne2 46. Kd5 Qa5+ 47. Kd6 Qa7 48. Qc7 Qa6+ 49. Ke7 Qa3+ 50. Qd6 Qc3 51. Ng5+ Kh6 52. Ne6 Kh7 53. Qh2+ Kg8 54. Qxe2 Qf6+ 55. Kd7 Qf7+ 56. Kd6 1-0

[Event "Titled Tuesday intern op 17th Sep Early"]
[Site "Chess,com INT"]
[Date "2024.09.17"]
[Round "6"]
[White "Robledo, Cristian"]
[Black "Altini, Nicola"]
[Result "1/2-1/2"]
[WhiteElo "2206"]
[BlackElo "2374"]
[PlyCount "105"]
[EventDate "2024.09.17"]
[EventType "swiss (blitz)"]
[EventRounds "11"]
[EventCountry "USA"]
[SourceTitle "EXT 2025"]
[Source "ChessBase"]
[SourceDate "2024.10.14"]
[SourceVersion "1"]
[SourceVersionDate "2024.10.14"]
[SourceQuality "1"]

1. d4 d5 2. c4 e6 3. Nc3 Bb4 4. Qa4+ Nc6 5. e3 Nf6 6. Nf3 0-0 7. Qc2 Ne7 8. Bd2 c6 9. a3 Ba5 10. Bd3 dxc4 11. Bxc4 Ng6 12. h4 h5 13. Bd3 Ne7 14. Ng5 Ned5 15. e4 Nxc3 16. bxc3 Nh7 17. e5 f5 18. exf6 Nxf6 19. 0-0 Bc7 20. Rae1 c5 21. Bc4 cxd4 22. Rxe6 Bxe6 23. Nxe6 Qc8 24. Nxc7+ Kh8 25. Bf4 Rb8 26. Be6 Qd8 27. Qf5 dxc3 28. Nd5 Qe8 29. Nc7 Qc6 30. Be5 Rbe8 31. Bxf6 Rxe6 32. Qxh5+ Kg8 33. Nxe6 Qxe6 34. Bxc3 Rf5 35. Qg4 Qd5 36. Qd4 Qf7 37. Qd3 Rd5 38. Qg3 b5 39. Qh3 a5 40. Bb4 axb4 41. axb4 Rd4 42. Re1 Rxb4 43. Re3 Rf4 44. Rf3 Rxf3 45. gxf3 Qg6+ 46. Kf1 Qd3+ 47. Kg2 Qc4 48. Qd7 b4 49. Qe8+ Kh7 50. Qh5+ Kg8 51. Qe8+ Kh7 52. Qh5+ Kg8 53. Qe8+ 1/2-1/2

[Event "Titled Tuesday intern op 17th Sep Early"]
[Site "Chess,com INT"]
[Date "2024.09.17"]
[Round "8"]
[White "Robledo, Cristian"]
[Black "Craciun, Sasha Matei"]
[Result "0-1"]
[WhiteElo "2206"]
[BlackElo "2212"]
[PlyCount "76"]
[EventDate "2024.09.17"]
[EventType "swiss (blitz)"]
[EventRounds "11"]
[EventCountry "USA"]
[SourceTitle "EXT 2025"]
[Source "ChessBase"]
[SourceDate "2024.10.14"]
[SourceVersion "1"]
[SourceVersionDate "2024.10.14"]
[SourceQuality "1"]

1. d4 d5 2. c4 e6 3. Nc3 Nf6 4. cxd5 exd5 5. Bg5 c6 6. e3 Bf5 7. Qf3 Bg6 8. Bxf6 Qxf6 9. Qxf6 gxf6 10. Kd2 Be7 11. Bd3 Nd7 12. Nge2 a5 13. Ng3 a4 14. h4 a3 15. b3 Bd6 16. Nf5 Bxf5 17. Bxf5 h6 18. Bxd7+ Kxd7 19. Ne2 Rhg8 20. g3 b6 21. Rac1 c5 22. dxc5 bxc5 23. Rhd1 Ke6 24. Ke1 Rgd8 25. Kf1 Rac8 26. Kg2 f5 27. Kf3 Be5 28. Rc2 Rc6 29. Rdc1 Rdc8 30. Nd4+ Bxd4 31. exd4 c4 32. Kf4 Kd6 33. bxc4 Rxc4 34. Rxc4 Rxc4 35. Rd1 Rc2 36. f3 Rxa2 37. Rd3 Kc6 38. Kxf5 Kb5 0-1

[Event "Titled Tuesday intern op 10th Sep Early"]
[Site "Chess,com INT"]
[Date "2024.09.10"]
[Round "10"]
[White "Pogorelskikh, Sofia"]
[Black "Robledo, Cristian"]
[Result "0-1"]
[WhiteElo "2176"]
[BlackElo "2206"]
[PlyCount "170"]
[EventDate "2024.09.10"]
[EventType "swiss (blitz)"]
[EventRounds "11"]
[EventCountry "USA"]
[SourceTitle "EXT 2025"]
[Source "ChessBase"]
[SourceDate "2024.10.14"]
[SourceVersion "1"]
[SourceVersionDate "2024.10.14"]
[SourceQuality "1"]

1. e4 c5 2. Nf3 e6 3. d4 cxd4 4. Nxd4 Nc6 5. Nxc6 bxc6 6. Bd3 d5 7. 0-0 Nf6 8. Nc3 Be7 9. e5 Nd7 10. f4 Nc5 11. Qg4 g6 12. Be2 h5 13. Qf3 h4 14. h3 a5 15. Kh1 Ba6 16. Bxa6 Nxa6 17. Na4 Kf8 18. Be3 c5 19. b3 Kg7 20. Rad1 Qc7 21. Bg1 Nb4 22. c3 Na6 23. Qd3 Qc6 24. c4 d4 25. Qd2 Nc7 26. Nb2 Rh5 27. Nd3 a4 28. b4 cxb4 29. Nxb4 Qxc4 30. Rc1 Qxb4 31. Qxb4 Bxb4 32. Rxc7 Rd8 33. Rb1 d3 34. Rd1 d2 35. Be3 Rd3 36. Bf2 Rf5 37. Rc4 Ba3 38. Kg1 g5 39. fxg5 Rxe5 40. Kf1 Kg6 41. Rd4 Rd5 42. Rxa4 Bc1 43. Ke2 Rc3 44. Re4 Kf5 45. Re3 Rc2 46. Bxh4 Rxa2 47. Rf3+ Kg6 48. Rf6+ Kg7 49. Bf2 Re5+ 50. Kf1 Ra4 51. Rf3 Rae4 52. h4 Rg4 53. g3 Rge4 54. Rf4 Rxf4 55. gxf4 Re4 56. Bg3 Kg6 57. Kf2 Kf5 58. Kf3 Rc4 59. Bh2 Rc3+ 60. Ke2 Kg4 61. Bg1 Rh3 62. Rf1 Kxh4 63. Bf2+ Kg4 64. Be3 Kf5 65. Bxd2 Rh2+ 66. Kf3 Bxd2 67. Rd1 Bxf4 68. Ra1 Rh3+ 69. Kg2 Rh2+ 70. Kf3 Bxg5 71. Ra5+ e5 72. Rb5 Rh3+ 73. Ke2 Bf4 74. Kf2 f6 75. Ke2 Rh2+ 76. Kf3 Rc2 77. Ra5 Rc3+ 78. Kf2 Kg4 79. Ra8 e4 80. Rg8+ Bg5 81. Rf8 e3+ 82. Ke2 Rc2+ 83. Kd3 Rd2+ 84. Ke4 e2 85. Re8 e1Q# 0-1

[Event "Titled Tuesday intern op 10th Sep Early"]
[Site "Chess,com INT"]
[Date "2024.09.10"]
[Round "11"]
[White "Robledo, Cristian"]
[Black "Ismagilov, Damir"]
[Result "0-1"]
[WhiteElo "2206"]
[BlackElo "2173"]
[PlyCount "58"]
[EventDate "2024.09.10"]
[EventType "swiss (blitz)"]
[EventRounds "11"]
[EventCountry "USA"]
[SourceTitle "EXT 2025"]
[Source "ChessBase"]
[SourceDate "2024.10.14"]
[SourceVersion "1"]
[SourceVersionDate "2024.10.14"]
[SourceQuality "1"]

1. d4 Nf6 2. c4 e6 3. Nc3 Bb4 4. Bg5 c5 5. d5 h6 6. Bd2 exd5 7. cxd5 d6 8. e4 0-0 9. Bd3 c4 10. Bc2 Nbd7 11. Nf3 Nc5 12. 0-0 Bxc3 13. Bxc3 Nfxe4 14. Qd4 Nxc3 15. bxc3 b5 16. a4 Bd7 17. axb5 Bxb5 18. Rfe1 a5 19. Qf4 Qf6 20. Qxf6 gxf6 21. Nd4 Bd7 22. Bf5 Rfd8 23. h4 a4 24. Re7 a3 25. Bxd7 Rxd7 26. Rxd7 Nxd7 27. Nb5 a2 28. Nxd6 Nc5 29. Nxc4 Nb3 0-1

[Event "Titled Tuesday intern op 10th Sep Early"]
[Site "Chess,com INT"]
[Date "2024.09.10"]
[Round "2"]
[White "Robledo, Cristian"]
[Black "Levitan, Judah Nathan"]
[Result "1-0"]
[WhiteElo "2206"]
[BlackElo "1979"]
[PlyCount "155"]
[EventDate "2024.09.10"]
[EventType "swiss (blitz)"]
[EventRounds "11"]
[EventCountry "USA"]
[SourceTitle "EXT 2025"]
[Source "ChessBase"]
[SourceDate "2024.10.14"]
[SourceVersion "1"]
[SourceVersionDate "2024.10.14"]
[SourceQuality "1"]

1. d4 Nf6 2. c4 e6 3. Nc3 d5 4. Bg5 Bb4 5. cxd5 exd5 6. e3 0-0 7. Bd3 c6 8. Nf3 Bg4 9. 0-0 Nbd7 10. Qb3 Bd6 11. Qxb7 Bxf3 12. gxf3 h6 13. Bh4 Qb6 14. Qxb6 axb6 15. Bg3 Bxg3 16. hxg3 Ra7 17. a3 b5 18. Na2 Nb6 19. Nb4 Rc8 20. e4 Nc4 21. Bxc4 bxc4 22. e5 Nd7 23. Rfe1 Nb6 24. Rac1 Na4 25. Rc2 Re7 26. f4 f5 27. f3 h5 28. Kg2 g6 29. g4 hxg4 30. fxg4 fxg4 31. Kg3 Kg7 32. Kxg4 Rf8 33. Nxc6 Ref7 34. Rf1 Rf5 35. e6 g5 36. e7 Rxf4+ 37. Rxf4 Rxf4+ 38. Kxg5 Re4 39. Ne5 Rxe5+ 40. dxe5 Kf7 41. Kf5 Kxe7 42. Rg2 d4 43. Rg7+ Kf8 44. Kf6 Nc5 45. Rf7+ Ke8 46. Rc7 Ne4+ 47. Kf5 Ng3+ 48. Ke6 Kd8 49. Rg7 Ne4 50. Kd5 d3 51. Kxe4 d2 52. Rg1 Ke7 53. Rd1 Ke6 54. Rxd2 Ke7 55. Rc2 Ke6 56. Rxc4 Ke7 57. Rc6 Kd7 58. Kd5 Ke7 59. Rc7+ Kd8 60. Kd6 Ke8 61. e6 Kf8 62. e7+ Kf7 63. Kd7 Kf6 64. e8Q Kg5 65. a4 Kg4 66. a5 Kg5 67. a6 Kf4 68. a7 Kg5 69. a8Q Kf4 70. b4 Kg5 71. b5 Kf4 72. b6 Kg5 73. b7 Kh6 74. b8Q Kg5 75. Qd5+ Kf4 76. Qb4+ Kg3 77. Qe3+ Kh2 78. Rc2# 1-0

[Event "Titled Tuesday intern op 10th Sep Early"]
[Site "Chess,com INT"]
[Date "2024.09.10"]
[Round "3"]
[White "Robledo, Cristian"]
[Black "Vlachos, Anatole"]
[Result "1-0"]
[WhiteElo "2206"]
[BlackElo "2461"]
[PlyCount "71"]
[EventDate "2024.09.10"]
[EventType "swiss (blitz)"]
[EventRounds "11"]
[EventCountry "USA"]
[SourceTitle "EXT 2025"]
[Source "ChessBase"]
[SourceDate "2024.10.14"]
[SourceVersion "1"]
[SourceVersionDate "2024.10.14"]
[SourceQuality "1"]

1. d4 f5 2. c4 Nf6 3. Nc3 e6 4. g3 Bb4 5. Bg2 0-0 6. Bd2 d6 7. Nf3 Bxc3 8. Bxc3 Ne4 9. 0-0 Nxc3 10. bxc3 Nd7 11. Nd2 e5 12. Rb1 c6 13. e4 f4 14. h3 c5 15. Nb3 Qe7 16. Kh2 Nf6 17. Qd3 b6 18. a4 a5 19. Nd2 Ra6 20. Rb2 Be6 21. Rfb1 Qc7 22. Nf3 Rc8 23. dxe5 dxe5 24. gxf4 exf4 25. e5 Rd8 26. Qe2 Nd7 27. Rd1 Raa8 28. Rd6 Nf8 29. Rbd2 Rab8 30. Ng5 Rxd6 31. exd6 Qd7 32. Nxe6 Nxe6 33. Bd5 Re8 34. Bxe6+ Rxe6 35. Qxe6+ Qxe6 36. d7 1-0

[Event "Titled Tuesday intern op 03rd Sep Early"]
[Site "Chess.com INT"]
[Date "2024.09.03"]
[Round "5"]
[White "Robledo, Cristian"]
[Black "Parfenov, Viktor N"]
[Result "1/2-1/2"]
[WhiteElo "2206"]
[BlackElo "2193"]
[PlyCount "73"]
[EventDate "2024.09.03"]
[EventType "swiss (blitz)"]
[EventRounds "11"]
[EventCountry "USA"]
[SourceTitle "EXT 2025"]
[Source "ChessBase"]
[SourceDate "2024.10.14"]
[SourceVersion "1"]
[SourceVersionDate "2024.10.14"]
[SourceQuality "1"]

1. d4 Nf6 2. c4 g6 3. h4 c5 4. d5 e6 5. Nc3 exd5 6. cxd5 d6 7. e4 Bg7 8. Bg5 h6 9. Be3 0-0 10. Bc4 b5 11. Bxb5 Nxe4 12. Nxe4 Qa5+ 13. Qd2 Qxb5 14. Nxd6 Qxb2 15. Qxb2 Bxb2 16. Rd1 Ba6 17. Ne2 Nd7 18. Bxh6 Rfd8 19. Ne4 Re8 20. f3 f5 21. N4g3 Ne5 22. Kf2 Nd3+ 23. Kg1 Rad8 24. h5 gxh5 25. Rxh5 Rxd5 26. Kh2 c4 27. Ne4 fxe4 28. Rxd5 exf3 29. Ng3 f2 30. Rf1 Re1 31. Bd2 c3 32. Rd8+ Kh7 33. Rd7+ Kg8 34. Rd8+ Kh7 35. Rd7+ Kg6 36. Rd6+ Kh7 37. Rd7+ 1/2-1/2

[Event "Titled Tuesday intern op 27th Aug Early"]
[Site "Chess.com INT"]
[Date "2024.08.27"]
[Round "7"]
[White "Robledo, Cristian"]
[Black "Sharshenbekov, Emir"]
[Result "0-1"]
[WhiteElo "2206"]
[BlackElo "2078"]
[PlyCount "122"]
[EventDate "2024.08.27"]
[EventType "swiss (blitz)"]
[EventRounds "11"]
[EventCountry "USA"]
[SourceTitle "EXT 2025"]
[Source "ChessBase"]
[SourceDate "2024.10.14"]
[SourceVersion "1"]
[SourceVersionDate "2024.10.14"]
[SourceQuality "1"]

1. d4 Nf6 2. c4 g6 3. Nc3 Bg7 4. h4 h6 5. e4 d6 6. Be2 0-0 7. Be3 e5 8. d5 a5 9. g4 Kh7 10. g5 Ne8 11. gxh6 Bxh6 12. Bxh6 Kxh6 13. Qd2+ Kh7 14. Nf3 f6 15. 0-0-0 Na6 16. Rdg1 Rg8 17. Bd3 Nc5 18. Bc2 c6 19. Nd1 a4 20. Ne3 Qe7 21. Ng4 Bxg4 22. Rxg4 Rc8 23. Kb1 b5 24. cxb5 cxb5 25. Qe3 Ng7 26. Nd2 Nh5 27. Bd1 Qf8 28. Be2 Rb8 29. f4 Qh6 30. Nf3 exf4 31. Qd4 Rge8 32. Rhg1 Rxe4 33. Qd2 Rg8 34. Bd3 Nxd3 35. Qxd3 Re3 36. Qd1 a3 37. Nd4 axb2 38. Nf5 gxf5 39. Rxg8 Ng3 40. Rd8 Re7 41. Qc2 Qxh4 42. Rxd6 Qg4 43. Rxf6 Qe2 44. Qxe2 Rxe2 45. d6 Rd2 46. Rf7+ Kh6 47. Re7 Ne4 48. Rh1+ Kg6 49. Rg1+ Kf6 50. Rc7 Nxd6 51. Rc6 Ke5 52. Re1+ Ne4 53. Rb6 Kd4 54. Rc6 f3 55. a3 f2 56. Rf1 Nc3+ 57. Rxc3 Kxc3 58. a4 bxa4 59. Rxf2 Rxf2 60. Ka2 a3 61. Kxa3 b1Q 0-1

[Event "Titled Tuesday intern op 20th Aug Late"]
[Site "Chess.com INT"]
[Date "2024.08.20"]
[Round "7"]
[White "Martinez, Jorge Alexander"]
[Black "Robledo, Cristian"]
[Result "0-1"]
[WhiteElo "2143"]
[BlackElo "2206"]
[PlyCount "44"]
[EventDate "2024.08.20"]
[EventType "swiss (blitz)"]
[EventRounds "11"]
[EventCountry "USA"]
[SourceTitle "EXT 2025"]
[Source "ChessBase"]
[SourceDate "2024.10.14"]
[SourceVersion "1"]
[SourceVersionDate "2024.10.14"]
[SourceQuality "1"]

1. e4 c5 2. Nf3 e6 3. d4 cxd4 4. Nxd4 Nc6 5. c4 Nf6 6. Nc3 Bb4 7. f3 d5 8. cxd5 exd5 9. Nxc6 bxc6 10. exd5 0-0 11. Be2 cxd5 12. 0-0 Re8 13. Bg5 Be6 14. Bb5 Qb6+ 15. Kh1 Bxc3 16. Bxe8 Bxb2 17. Rb1 Rxe8 18. Bxf6 gxf6 19. Qc2 Rb8 20. Rf2 Bf5 21. Qxb2 Bxb1 22. Qxb6 Rxb6 0-1

[Event "Titled Tuesday intern op 20th Aug Early"]
[Site "Chess.com INT"]
[Date "2024.08.20"]
[Round "7"]
[White "Robledo, Cristian"]
[Black "Prada Villagrasa, Pau Manel"]
[Result "1/2-1/2"]
[WhiteElo "2206"]
[BlackElo "2022"]
[PlyCount "186"]
[EventDate "2024.08.20"]
[EventType "swiss (blitz)"]
[EventRounds "11"]
[EventCountry "USA"]
[SourceTitle "EXT 2025"]
[Source "ChessBase"]
[SourceDate "2024.10.14"]
[SourceVersion "1"]
[SourceVersionDate "2024.10.14"]
[SourceQuality "1"]

1. d4 d5 2. c4 Nf6 3. cxd5 Qxd5 4. Nc3 Qd8 5. e4 e6 6. Bg5 Be7 7. Nf3 0-0 8. Be2 Nbd7 9. 0-0 b6 10. Rc1 Bb7 11. Bd3 h6 12. Bf4 a6 13. Qe2 c5 14. dxc5 Nxc5 15. Bb1 a5 16. Rfd1 Qe8 17. h3 Rd8 18. Bc7 Rxd1+ 19. Rxd1 Qc6 20. Be5 Nfxe4 21. Nxe4 Nxe4 22. Nd4 Qd5 23. Nf3 Qc6 24. Bxg7 Kxg7 25. Ne5 Qc7 26. Bxe4 Qxe5 27. Qg4+ Bg5 28. Bxb7 Qf4 29. Qxf4 Bxf4 30. g3 Be5 31. b3 b5 32. f4 Bf6 33. Rd6 Rd8 34. Rxd8 Bxd8 35. Kf2 f5 36. Ke3 Bb6+ 37. Kf3 Kf6 38. g4 e5 39. fxe5+ Kxe5 40. Bc8 fxg4+ 41. Kxg4 Ke4 42. Bf5+ Kd5 43. Kf3 Kd4 44. a4 bxa4 45. bxa4 Kc4 46. Bd7 Kb4 47. Ke4 Bg1 48. h4 Bf2 49. h5 Bb6 50. Kf5 Ba7 51. Kg6 Be3 52. Kf5 Bc1 53. Ke4 Bd2 54. Kd3 Bg5 55. Ke4 Bc1 56. Kd3 Bg5 57. Ke4 Bc1 58. Kf5 Bg5 59. Bb5 Bc1 60. Kg4 Bg5 61. Kf3 Bc1 62. Ke2 Bg5 63. Kd1 Bf4 64. Ke2 Bg5 65. Kf1 Bc1 66. Kf2 Bg5 67. Kf3 Bc1 68. Ke4 Bg5 69. Kd3 Bc1 70. Kc2 Bg5 71. Kb1 Bf4 72. Bc6 Bg5 73. Kc2 Bf4 74. Bd7 Bg5 75. Kd3 Bf4 76. Kc2 Bg5 77. Be8 Bf4 78. Kd3 Bg5 79. Ke4 Bc1 80. Kf3 Bg5 81. Kg4 Bc1 82. Kf3 Bd2 83. Kg4 Bg5 84. Kg3 Bc1 85. Kg4 Bd2 86. Kf3 Bg5 87. Kg4 Bc1 88. Kg3 Bd2 89. Kh3 Bc1 90. Kg4 Bd2 91. Kf3 Bc1 92. Kg3 Bd2 93. Kg4 Bc1 1/2-1/2

[Event "Titled Tuesday intern op 20th Aug Late"]
[Site "Chess.com INT"]
[Date "2024.08.20"]
[Round "9"]
[White "Robledo, Cristian"]
[Black "Sainz Aguirre, Ignacio"]
[Result "1-0"]
[WhiteElo "2206"]
[BlackElo "1887"]
[PlyCount "83"]
[EventDate "2024.08.20"]
[EventType "swiss (blitz)"]
[EventRounds "11"]
[EventCountry "USA"]
[SourceTitle "EXT 2025"]
[Source "ChessBase"]
[SourceDate "2024.10.14"]
[SourceVersion "1"]
[SourceVersionDate "2024.10.14"]
[SourceQuality "1"]

1. d4 d5 2. c4 e6 3. Nc3 a6 4. cxd5 exd5 5. Qb3 Bd6 6. Nxd5 Nc6 7. Nf3 Bg4 8. e3 Na5 9. Qa4+ c6 10. Nc3 b5 11. Qc2 c5 12. Qe4+ Be6 13. dxc5 Bxc5 14. Nxb5 axb5 15. Bxb5+ Ke7 16. 0-0 Nf6 17. Qh4 Qb6 18. a4 Nb3 19. Rb1 Nxc1 20. Rbxc1 Rhc8 21. Ne5 Kf8 22. Rfd1 Be7 23. Qg3 Rxc1 24. Rxc1 Qd6 25. Nf3 Qxg3 26. hxg3 Rc8 27. Rxc8+ Bxc8 28. Nd4 Nd5 29. Nc6 Bc5 30. a5 Nb4 31. Ne5 Ba6 32. Ba4 Ke7 33. b3 Bb7 34. Nc4 Ba6 35. Ne5 Bb7 36. Kf1 Ba6+ 37. Ke1 Nc2+ 38. Kd2 Nb4 39. Kc3 Nd5+ 40. Kb2 Bb4 41. Nc6+ Kd6 42. e4 1-0

[Event "Titled Tuesday intern op 20th Aug Late"]
[Site "Chess.com INT"]
[Date "2024.08.20"]
[Round "6"]
[White "Robledo, Cristian"]
[Black "Suarez, Sebastian"]
[Result "1-0"]
[WhiteElo "2206"]
[BlackElo "2189"]
[PlyCount "113"]
[EventDate "2024.08.20"]
[EventType "swiss (blitz)"]
[EventRounds "11"]
[EventCountry "USA"]
[SourceTitle "EXT 2025"]
[Source "ChessBase"]
[SourceDate "2024.10.14"]
[SourceVersion "1"]
[SourceVersionDate "2024.10.14"]
[SourceQuality "1"]

1. d4 d5 2. c4 c6 3. Nf3 Nf6 4. Nc3 e6 5. Bg5 h6 6. Bh4 dxc4 7. e4 g5 8. Bg3 Bb4 9. Bxc4 Nxe4 10. 0-0 Bxc3 11. bxc3 Nxc3 12. Qd2 Nd5 13. Rfe1 Nd7 14. Bxd5 cxd5 15. Rac1 Nb6 16. Bc7 Qe7 17. Ne5 Nd7 18. f4 Nxe5 19. Bxe5 Rg8 20. Rc7 Bd7 21. f5 Rc8 22. f6 Qd8 23. Rec1 Rg6 24. Qb4 Rxc7 25. Rxc7 Rxf6 26. Qxb7 Rf5 27. Bd6 Qf6 28. Qb8+ Qd8 29. Qxa7 f6 30. Qc5 Qa8 31. Rxd7 Qa6 32. Rd8+ Kf7 33. Qc7+ Kg6 34. Rg8+ Kh5 35. Qf7+ Kh4 36. g3+ Kg4 37. h3+ Kf3 38. Qh5+ Ke3 39. Qd1 Qe2 40. Qxe2+ Kxe2 41. a4 Kf3 42. a5 h5 43. a6 Ke2 44. Bf4 gxf4 45. g4 f3 46. gxf5 f2+ 47. Kh2 f1Q 48. a7 Qf3 49. Rg2+ Ke3 50. Rg3 Ke4 51. Rxf3 Kxf3 52. a8Q Kf2 53. fxe6 Kf3 54. e7 Kf2 55. e8Q Kf3 56. Qe6 Kf2 57. Qaxd5 1-0

[Event "Titled Tuesday intern op 06th Aug Early"]
[Site "Chess.com INT"]
[Date "2024.08.06"]
[Round "5"]
[White "Robledo, Cristian"]
[Black "Papasimakopoulos, Alexandros"]
[Result "0-1"]
[WhiteElo "2206"]
[BlackElo "2372"]
[PlyCount "162"]
[EventDate "2024.08.06"]
[EventType "swiss (blitz)"]
[EventRounds "11"]
[EventCountry "USA"]
[SourceTitle "EXT 2025"]
[Source "ChessBase"]
[SourceDate "2024.10.14"]
[SourceVersion "1"]
[SourceVersionDate "2024.10.14"]
[SourceQuality "1"]

1. d4 d5 2. c4 e6 3. Nc3 a6 4. cxd5 exd5 5. Qb3 c6 6. e4 dxe4 7. Bc4 Qe7 8. a4 Nf6 9. Bg5 Nbd7 10. Nge2 h6 11. Bh4 g5 12. Bg3 Rh7 13. 0-0 Qb4 14. Qa2 Bd6 15. Rfe1 Nb6 16. Bb3 a5 17. Bxd6 Qxd6 18. Ng3 Kf8 19. Ncxe4 Nxe4 20. Nxe4 Qb4 21. Rad1 Bf5 22. Nc5 Nd7 23. Nxd7+ Bxd7 24. Qb1 Rg7 25. Qc2 Re8 26. Rxe8+ Bxe8 27. Qc5+ Qxc5 28. dxc5 Ke7 29. Re1+ Kd8 30. Bc4 Rg6 31. b3 Rf6 32. f3 Rf5 33. Rd1+ Ke7 34. Rd6 h5 35. Rh6 h4 36. Kf2 Rxc5 37. Rh7 b5 38. axb5 cxb5 39. Bd3 Rc3 40. Be4 Rxb3 41. Rh6 Rb2+ 42. Ke3 Rxg2 43. Ra6 a4 44. Ra7+ Kf6 45. Ra6+ Kg7 46. h3 Rh2 47. Bf5 Rb2 48. Ra8 Rb3+ 49. Kd4 Bc6 50. Ra7 Rxf3 51. Be6 a3 52. Kc5 Be4 53. Kd4 Bg6 54. Bd5 Rxh3 55. Be6 b4 56. Bxh3 Bb1 57. Kc4 a2 58. Kxb4 Kg6 59. Ra6+ Kh5 60. Ra5 f5 61. Kc3 g4 62. Bf1 h3 63. Kb2 Kg5 64. Ra8 Kf4 65. Rh8 Kg3 66. Bc4 f4 67. Rg8 h2 68. Bd5 f3 69. Rh8 Kg2 70. Rg8 g3 71. Rf8 h1Q 72. Bxf3+ Kh2 73. Bxh1 Kxh1 74. Rh8+ Kg1 75. Rg8 g2 76. Rf8 Be4 77. Kxa2 Bd5+ 78. Kb2 Kh2 79. Rh8+ Kg3 80. Rh6 Bf3 81. Rg6+ Bg4 0-1

[Event "Titled Tuesday intern op 23rd Jul Early"]
[Site "Chess.com INT"]
[Date "2024.07.23"]
[Round "5"]
[White "Robledo, Cristian"]
[Black "Daroczi, Donat"]
[Result "0-1"]
[WhiteElo "2206"]
[BlackElo "2162"]
[PlyCount "90"]
[EventDate "2024.07.23"]
[EventType "swiss (blitz)"]
[EventRounds "11"]
[EventCountry "USA"]
[SourceTitle "EXT 2025"]
[Source "ChessBase"]
[SourceDate "2024.10.14"]
[SourceVersion "1"]
[SourceVersionDate "2024.10.14"]
[SourceQuality "1"]

1. d4 g6 2. c4 d6 3. e4 Bg7 4. Nc3 Nf6 5. Nf3 Bg4 6. Be2 0-0 7. h3 Bxf3 8. Bxf3 Nbd7 9. Be3 c5 10. 0-0 a6 11. d5 Rb8 12. a4 Ne8 13. Qc2 Qa5 14. Bd2 Qd8 15. Be2 e5 16. dxe6 fxe6 17. Rad1 Ne5 18. Be3 Qe7 19. f4 Nc6 20. Kh1 Nd4 21. Bxd4 Bxd4 22. Bf3 Bxc3 23. Qxc3 Rxf4 24. e5 Rf5 25. exd6 Nxd6 26. Rfe1 Rbf8 27. Bg4 R5f6 28. b3 Nf5 29. Bxf5 Rxf5 30. Qe3 Qf7 31. Kh2 Qc7+ 32. Kh1 e5 33. Rd5 Rf1+ 34. Rxf1 Rxf1+ 35. Kh2 e4+ 36. g3 Qf7 37. Rd2 Qf3 38. Qxf3 Rxf3 39. Rb2 Kf7 40. Kg2 Ke6 41. Re2 Ke5 42. Rb2 a5 43. g4 Kf4 44. Rd2 Rg3+ 45. Kf2 e3+ 0-1

[Event "Titled Tuesday intern op 23rd Jul Early"]
[Site "Chess.com INT"]
[Date "2024.07.23"]
[Round "3"]
[White "Robledo, Cristian"]
[Black "Guevara Ruiz, Santiago Jose"]
[Result "1-0"]
[WhiteElo "2206"]
[BlackElo "2109"]
[PlyCount "46"]
[EventDate "2024.07.23"]
[EventType "swiss (blitz)"]
[EventRounds "11"]
[EventCountry "USA"]
[SourceTitle "EXT 2025"]
[Source "ChessBase"]
[SourceDate "2024.10.14"]
[SourceVersion "1"]
[SourceVersionDate "2024.10.14"]
[SourceQuality "1"]

1. d4 Nf6 2. Bg5 Ne4 3. Bf4 e6 4. e3 d5 5. Bd3 Bd6 6. Bxe4 dxe4 7. Bg3 0-0 8. Nd2 f5 9. Ne2 Nd7 10. c4 Nf6 11. Qc2 b6 12. 0-0 Bb7 13. Rfd1 Bxg3 14. hxg3 Qe7 15. Rac1 c5 16. Nb3 cxd4 17. Nbxd4 Rac8 18. Nf4 Nd5 19. Nfxe6 Rf6 20. Qb3 Nb4 21. c5 Nd5 22. c6 Rxe6 23. cxb7 Rb8 1-0

[Event "Titled Tuesday intern op 28th May Early"]
[Site "Chess.com INT"]
[Date "2024.05.28"]
[Round "6"]
[White "Robledo, Cristian"]
[Black "Martinez Pla, Xavier"]
[Result "0-1"]
[WhiteElo "2202"]
[BlackElo "2261"]
[PlyCount "84"]
[EventDate "2024.05.28"]
[EventType "swiss (blitz)"]
[EventRounds "11"]
[EventCountry "USA"]
[SourceTitle "EXT 2025"]
[Source "ChessBase"]
[SourceDate "2024.10.14"]
[SourceVersion "1"]
[SourceVersionDate "2024.10.14"]
[SourceQuality "1"]

1. d4 Nf6 2. c4 e6 3. Nf3 b6 4. Nc3 Bb4 5. g3 Bb7 6. Bg2 0-0 7. 0-0 Bxc3 8. bxc3 d6 9. Bg5 Nbd7 10. Re1 h6 11. Bd2 Qe7 12. Qc2 Be4 13. Qc1 e5 14. Nh4 Bxg2 15. Nxg2 Qe6 16. Ne3 Ng4 17. Nxg4 Qxg4 18. f3 Qe6 19. d5 Qg6 20. e4 f5 21. Qc2 fxe4 22. Qxe4 Qh5 23. Kg2 Rae8 24. Be3 Nf6 25. Qc2 Nd7 26. g4 Qh4 27. Bf2 Qf6 28. Qe4 Qe7 29. Rad1 Rf4 30. Qxf4 exf4 31. Rxe7 Rxe7 32. Re1 Rxe1 33. Bxe1 Ne5 34. g5 hxg5 35. Kh3 Kf7 36. Bf2 Kf6 37. Bd4 Kf5 38. Kg2 g4 39. fxg4+ Kxg4 40. h3+ Kf5 41. Kf2 g5 42. a4 Nxc4 0-1